Le ombre della Patria : capitoli ottocenteschi da Foscolo a Carducci /

Bibliographic Details
Main Author: Capecchi, Giovanni (Author)
Format: Book
Language:Italian
Published: Firenze : Le lettere, [2015]
Series:Saggi (Casa editrice le lettere) ; 151.
Subjects:

MARC

Tag First Indicator Second Indicator Subfields
LEADER 00000cam a2200000 i 4500
001 in00003774721
005 20170927134511.0
008 151012s2015 it b 001 0dita d
010 |a  2015476407 
020 |a 9788860878960 
020 |a 8860878969 
035 |a (OCoLC)ocn927413959 
035 |a (OCoLC)927413959 
040 |a ItFiC  |b eng  |e rda  |c C3L  |d DLC  |d COO  |d NOC  |d OCLCF  |d GZM  |d TXA  |d UtOrBLW 
042 |a lccopycat 
049 |a TXAM 
050 0 0 |a PQ4086  |b .C3272 2015 
082 1 4 |a 851  |2 14 
100 1 |a Capecchi, Giovanni,  |e author.  |0 http://id.loc.gov/authorities/names/no2014001470 
240 1 0 |a Essays.  |k Selections 
245 1 3 |a Le ombre della Patria :  |b capitoli ottocenteschi da Foscolo a Carducci /  |c Giovanni Capecchi. 
246 1 |i Subtitle on cover  |a Capitoli ottocenteschi tra Foscolo e Carducci 
264 1 |a Firenze :  |b Le lettere,  |c [2015] 
300 |a 234 pages ;  |c 22 cm. 
336 |a text  |b txt  |2 rdacontent 
337 |a unmediated  |b n  |2 rdamedia 
338 |a volume  |b nc  |2 rdacarrier 
490 1 |a Saggi 
504 |a Includes bibliographical references and index. 
650 0 |a Italian literature  |y 19th century  |x History and criticism.  |0 http://id.loc.gov/authorities/subjects/sh85068823 
650 0 |a Patriotism in literature.  |0 http://id.loc.gov/authorities/subjects/sh85098767 
650 0 |a Italian literature  |x Political aspects. 
650 7 |a Italian literature.  |2 fast  |0 (OCoLC)fst00980660 
650 7 |a Italian literature  |x Political aspects.  |2 fast  |0 (OCoLC)fst00980684 
650 7 |a Patriotism in literature.  |2 fast  |0 (OCoLC)fst01055212 
648 7 |a 1800 - 1899  |2 fast 
830 0 |a Saggi (Casa editrice le lettere) ;  |v 151.  |0 http://id.loc.gov/authorities/names/n91047459 
994 |a C0  |b TXA 
948 |a cataloged  |b h  |c 2016/4/18  |d c  |e jlanham  |f 3:25:15 pm 
999 f f |s 42c1c9c5-4b9a-3da0-9fad-ecee8e81f13b  |i fd44a5c8-9a70-346b-baa7-fc7e5d4571ea  |t 0 
952 f f |p normal  |a Texas A&M University  |b College Station  |c Sterling C. Evans Library  |d Evans: Library Stacks  |t 0  |e PQ4086 .C3272 2015  |h Library of Congress classification  |i unmediated -- volume  |m A14843502940 
998 f f |a PQ4086 .C3272 2015  |t 0  |l Evans: Library Stacks